[Event "23rd OIBM 2019"]
[Site "Gmund am Tegernsee"]
[Date "2019.11.01"]
[Round "7.43"]
[White "Seemann, Jakub"]
[Black "Raupp, Thomas"]
[Result "0-1"]
[WhiteElo "1967"]
[BlackElo "2259"]
[Annotator "TA"]
[PlyCount "61"]
[EventDate "2019.10.17"]
[EventType "swiss"]
[EventCountry "GER"]
[SourceTitle "playchess.com"]
[Source "ChessBase"]
[SourceQuality "1"]

{[%evp 19,61,-18,19,0,0,-17,19,0,-6,-3,-10,-8,3,0,0,0,14,0,18,7,5,-15,-15,-21,-22,-19,-9,-106,-10,-50,-37,-81,-64,-81,-89,-104,-116,-687,-680,-720,-720,-720,-720,-692]} 1. e4 c5 2. Nf3 e6 3. d4 cxd4 4. Nxd4 Nc6 5. Nc3 Qc7 6. Be2 a6 7. Be3 Nf6 8. O-O b5 9. a3 Bb7 10. f4 d6 (10... Bc5 $5 {[%cal Rc7b6]} 11. Bf3 Qb6 $15) 11. Nxc6 {B49: Sicilian: Taimanov: 5 Nc3 Qc7 6 Be3 a6 7 Be2} (11. Nb3 {keeps more tension.} Be7 12. Bd3 O-O 13. Qf3 Rac8 14. g4) (11. Bf3 Be7 12. f5 Nxd4 13. Qxd4 O-O 14. fxe6 fxe6 15. Rad1 Nd7 16. Bg4 Nc5 17. b4 e5 18. Nd5 Rxf1+ 19. Rxf1 {1-0 (63) Savchenko,B (2602)-Dubov,D (2624) Moscow 2013}) 11... Bxc6 12. Bf3 Rc8 13. Qe2 {The position is equal.} Be7 14. Rad1 O-O 15. g4 {[#]} Rfe8 $146 ({Predecessor:} 15... Qb7 16. Qg2 a5 17. g5 Nd7 18. Nd5 Bd8 {0-1 (62) Abdullayev,A (2006)-Malakhatko,V (2518) Cesme 2017}) 16. g5 Nd7 17. Qg2 Bf8 18. Ne2 Bb7 19. c3 Nb6 20. Qf2 Nc4 21. Bc1 e5 22. b3 Na5 23. Bg4 (23. b4 $1 $11 {was the only way to keep the balance.} Nc4 24. f5) 23... Bxe4 (23... Nxb3 $17 24. Bxc8 Rxc8) 24. Bxc8 Rxc8 25. b4 Nc4 26. fxe5 Nxe5 {aiming for ...Nf3+.} 27. Qe3 Ba8 {[%mdl 1024] Black has strong compensation.} 28. Nd4 $2 {[%mdl 8192]} (28. Qh3 $17) 28... Qb7 $19 {[%csl Ga8][%cal Rb7g2] Black is clearly winning.} 29. Rd2 Qh1+ 30. Kf2 Ng4+ {[%mdl 64] [#] Double Attack} 31. Ke1 {Accuracy: White = 16%, Black = 63%.} 0-1

[Event "23rd OIBM 2019"]
[Site "Gmund am Tegernsee"]
[Date "2019.11.01"]
[Round "7.44"]
[White "Nebolsina, Vera"]
[Black "Karpa, Adrian"]
[Result "1-0"]
[WhiteElo "2252"]
[BlackElo "2087"]
[Annotator "TA"]
[PlyCount "51"]
[EventDate "2019.10.17"]
[EventType "swiss"]
[EventCountry "GER"]
[SourceTitle "playchess.com"]
[Source "ChessBase"]
[SourceQuality "1"]

{[%evp 9,51,6,12,5,13,16,22,11,33,42,36,45,33,14,24,14,10,6,82,74,56,37,78,76,128,107,119,111,122,90,114,107,94,99,102,102,86,114,138,134,205,186,510,489]} 1. e4 c5 2. Nc3 g6 3. Bc4 Bg7 4. d3 (4. Qf3 e6 5. Nb5 d6 6. Qg3 Ke7 7. d3 a6 8. Nc3 Nc6 9. Bb3 Nf6 10. Nf3 h6 11. h3 {½-½ (45) Anton Guijarro,D (2607)-Bu,X (2707) Doha 2014}) 4... Nc6 5. Bg5 d6 (5... Nf6 {with more complications.} 6. f4 d6 7. Nf3 a6 8. O-O h6) 6. f4 $146 {B23: Closed Sicilian: Lines without g3} ({Predecessor:} 6. Qf3 Ne5 7. Qf4 h6 8. Nf3 hxg5 9. Nxg5 Nf6 10. Nd5 Bh6 11. c3 Nxd5 12. Bxd5 {0-1 (23) Karamanoglu,O-Bilgin,K (1277) Antalya 2019}) 6... h6 7. Bh4 Nf6 8. Nf3 {The position is equal.} Bg4 9. h3 Bxf3 10. Qxf3 O-O 11. a3 Nd4 12. Qf2 b5 13. Ba2 Nh7 (13... a5 $11 {remains equal.}) 14. Nd5 g5 15. Bg3 e6 16. Ne3 $1 Nf6 (16... b4 $142) 17. c3 {Hoping for fxg5.} Nc6 18. fxg5 hxg5 19. h4 $36 {[%mdl 2048] Black is under strong pressure.} Nh5 20. hxg5 Qxg5 21. Bxd6 {Qf3 is the strong threat.} Rfd8 22. g4 Rxd6 23. Rxh5 Qd8 {[#]} 24. O-O-O $1 (24. Rxc5 Ne5 $11) 24... Ne5 {[#]} (24... Rxd3 $16 {keeps fighting.} 25. Rf1 Rd7) 25. Qh2 $1 $18 Qf6 $2 (25... Nxd3+ {is tougher.} 26. Kc2 Rd7) 26. Rf1 {Accuracy: White = 87%, Black = 25%.} 1-0

[Event "23rd OIBM 2019"]
[Site "Gmund am Tegernsee"]
[Date "2019.11.02"]
[Round "8.1"]
[White "Eljanov, Pavel"]
[Black "Gareyev, Timur"]
[Result "1-0"]
[WhiteElo "2663"]
[BlackElo "2591"]
[Annotator "TA"]
[PlyCount "51"]
[EventDate "2019.10.17"]
[EventType "swiss"]
[EventCountry "GER"]
[SourceTitle "playchess.com"]
[Source "ChessBase"]
[SourceQuality "1"]

{[%evp 15,51,39,61,62,70,73,72,47,52,49,81,73,102,73,109,73,77,82,73,78,79,67,89,90,118,92,103,107,128,125,308,294,439,442,467,489,620,616]} 1. d4 Nf6 2. c4 g6 3. Nc3 Bg7 4. e4 O-O 5. Nf3 d6 6. Be2 e5 7. O-O Nbd7 8. Qc2 Ng4 9. Bg5 {E94: King's Indian: Classical: 6 Be2 e5 7 0-0: Various Black 7th moves} (9. d5 a5 10. Ne1 Nh6 11. f3 f5 12. Nd3 f4 13. Bd2 g5 14. h3 Rf6 15. a3 Nf7 16. Rac1 h5 {½-½ (38) Lenderman,A (2585)-Vovk,A (2630) Sault Ste Marie 2017}) 9... Bf6 10. Bxf6 Ngxf6 $146 ({Predecessor:} 10... Qxf6 11. h3 Nh6 12. Rad1 c6 13. dxe5 Nxe5 14. Qd2 Nxf3+ 15. Bxf3 Qh4 16. Qxd6 f5 {1-0 (34) Savchenko,S (2395)-Foygel,I (2370) Kherson 1989}) 11. Rfd1 {White is better.} Qe7 12. dxe5 dxe5 13. Nd5 Qd8 14. c5 c6 15. Nxf6+ Qxf6 16. Rd6 Qe7 17. h3 Nf6 18. Rad1 $36 {[%mdl 2048] White has good play.} Kg7 19. b4 h6 20. Bc4 a5 21. b5 cxb5 22. Bxb5 Be6 $2 {[#]} (22... a4 $16 23. Bxa4 Be6 24. Nxe5 Bxh3) 23. Qb2 $18 ({Don't do} 23. Nxe5 $6 Rfc8 $18) 23... Ne8 (23... Rac8 $142 24. Qxe5 Kg8) 24. Nxe5 {White is clearly winning.} Kg8 25. Rb6 Rc8 26. Bd7 {Accuracy: White = 84%, Black = 25%.} 1-0

[Event "23rd OIBM 2019"]
[Site "Gmund am Tegernsee"]
[Date "2019.11.02"]
[Round "8.2"]
[White "Demchenko, Anton"]
[Black "Bernadskiy, Vitaliy"]
[Result "0-1"]
[WhiteElo "2655"]
[BlackElo "2554"]
[Annotator "TA"]
[PlyCount "140"]
[EventDate "2019.10.17"]
[EventType "swiss"]
[EventCountry "GER"]
[SourceTitle "playchess.com"]
[Source "ChessBase"]
[SourceQuality "1"]

{[%evp 16,140,24,16,25,16,24,20,28,21,31,27,23,23,28,28,16,19,21,0,18,14,14,15,15,15,59,45,45,39,79,65,139,57,60,28,107,93,93,0,141,134,304,151,154,189,184,168,164,112,105,112,118,126,141,157,130,48,145,81,84,78,69,89,76,-81,-83,-77,-77,-104,-89,-100,-93,-125,-85,-74,-71,-79,-41,-68,-45,-45,-36,-53,-37,-110,-107,-108,-88,-265,-280,-343,-335,-343,-350,-328,-321,-357,-370,-341,-359,-360,-342,-378,-375,-418,-417,-511,-514,-558,0,-483,-482,-836,-822,-29982,-29981,-29991,-29992,-29991,-377,-340,0,-29994,-29995,-29995,-29996]} 1. e4 c5 2. Nf3 Nc6 3. Bb5 e6 4. O-O Nge7 5. Re1 a6 6. Bf1 d5 7. exd5 Nxd5 8. d4 Nf6 9. Be3 Be7 {B30: Sicilian: 2...Nc6 3 Bb5, lines without ...g6} (9... Nd5 10. Bg5 f6 11. Bc1 cxd4 12. Nxd4 Nxd4 13. Qxd4 Bd6 14. g3 O-O 15. Bg2 Qc7 16. c3 Bc5 17. Qd3 {½-½ (70) Vidit,S (2711)-Lenic,L (2656) chess.com INT 2018}) 10. c4 cxd4 11. Nxd4 Bd7 {The position is equal.} 12. Nc3 Qc7 $146 ({Predecessor:} 12... O-O 13. h3 Rc8 14. Nf3 Qc7 15. Rc1 Rfd8 16. a3 Be8 {0-1 (53) Mozharov,M (2508)-Vidit,S (2582) Hyderabad 2013}) 13. h3 O-O 14. Nf3 Na5 15. Rc1 Rfd8 16. Nd2 Be8 17. Qc2 Rac8 18. a3 Nc6 19. Nf3 Nd7 20. b4 {[%cal Bb2b4,Bb4b5][%mdl 32]} a5 21. b5 Ncb8 $1 22. Ng5 g6 23. Qe4 $40 {[%mdl 128] White has some attack.} Qe5 (23... Nc5 $1 $14 24. Qf3 b6) 24. Qg4 (24. c5 $16) 24... Qg7 $14 25. Bd4 e5 (25... h5 $1 $11 26. Qe4 (26. Bxg7 hxg4 27. Bh6 gxh3 $15) 26... Nc5 27. Bxc5 (27. Bxg7 Nxe4 28. Ngxe4 Kxg7 $11) 27... Rxc5) 26. Nd5 $1 $16 {[%cal Rd5e7]} Bxa3 27. Ra1 (27. Bc3 $1 $16) 27... Bd6 (27... Bb4 $1 $11 {remains equal.} 28. Bb2 (28. Nxb4 axb4 29. Bb2 h6 $15) 28... h6 29. Nxb4 axb4) 28. Bc3 b6 $2 (28... h6 $16) 29. f4 (29. Qh4 $18 {and White stays clearly on top.}) 29... h6 30. Nf3 {[%cal Rf4e5]} Nf6 31. Nxf6+ Qxf6 32. fxe5 (32. Bxe5 $18 Bxe5 33. fxe5 (33. Nxe5 Bd7 $14)) 32... Bc5+ 33. Kh1 Qe6 {With the idea ...Qxg4.} 34. Qh4 Bxb5 {and if ...Bc6 works, Black does fine.} 35. Qxh6 (35. cxb5 Be7 $14) 35... Bf8 36. Qe3 ({But not} 36. Qh4 $6 Be7 $11) ({White should try} 36. Qf4 $1 $16 Qf5 37. Qh4) 36... Bc5 (36... Bxc4 $14 37. Ng5 Qf5) 37. Qf4 (37. Bd4 $142 $1 {[%cal Rd4c5]} Rxd4 38. Nxd4 Bxd4 39. Qxd4) 37... Bc6 38. Ng5 $1 {[%cal Rg5e6]} Qf5 39. Qh4 Qf2 {[%csl Gc5][%cal Rf2g1]} 40. Qh7+ $2 (40. Qxf2 $1 $16 {is necessary to keep the advantage.} Bxf2 41. e6) 40... Kf8 $17 {[%csl Gc5][%cal Rf2g1]} 41. Qh8+ Ke7 {[%csl Gc5][%cal Rf2g1]} 42. Qf6+ {[#]} Qxf6 $1 43. exf6+ Kf8 44. Be2 Bf2 {And now ...Re8 would win.} 45. Red1 Be3 46. h4 Re8 {Strongly threatening ...Bxg5.} 47. Bg4 Rcd8 (47... Bxg2+ $5 48. Kxg2 Rxc4 {[%mdl 64] Double Attack} 49. Bxa5 Rxg4+ 50. Kh3 Rc4 $17) 48. Nf3 Bd7 49. Bxd7 Nxd7 50. Rd6 ({White should play} 50. g4 $15) 50... Nc5 51. Rxb6 Ne4 $1 {[%csl LRb6,LRc3][%mdl 64] Discovered Attack} 52. Rb3 $2 (52. Bxa5 $17 Bxb6 53. Bxb6) 52... Rd3 $19 53. Raa3 Rd1+ (53... Nxc3 54. Rxc3 Rd1+ 55. Kh2 $17) 54. Kh2 Bf4+ 55. g3 Bxg3+ ({Less strong is} 55... Nxg3 56. Kh3 $17) 56. Kg2 {[#]} Bd6 $1 57. Bxa5 Bxa3 ({Weaker is} 57... Nxf6 58. Ra2 $17) 58. Rxa3 Nxf6 59. Bb4+ Kg8 60. Ng5 Ng4 61. Rc3 Ne3+ 62. Kf2 Ng4+ $2 ({Better is} 62... Rd2+ $19 63. Kg3 Nf5+ 64. Kh3 Rd1) 63. Kf3 $2 {[%mdl 8192]} (63. Kg2 $1 $11 {and White is okay.} Ne3+ 64. Kf2 Rd2+ 65. Kg3) 63... Ne5+ 64. Kg2 (64. Ke2 $142 Rb1 65. Ba3) 64... Nd3 {Threatens to win with ...Rd2+.} 65. Ba3 Nf4+ 66. Kf2 Re2+ 67. Kg3 Nd3 $2 (67... Rf1 {mates} 68. Nf3 Nh5+ 69. Kh3 Rh1+ 70. Nh2 Rhxh2+ 71. Kg4 Ref2 72. Kg5 Rf5+ 73. Kg4 Rg2+ 74. Kh3 Nf4#) 68. Kf3 Re8 $2 (68... Re5 $19 {( -> ...Rf1+)} 69. Ne4 Re6) 69. c5 $2 {[%mdl 8192]} (69. Kg2 $11 Nf4+ 70. Kg3 Ne2+ {[%mdl 64] Double Attack} 71. Kg2 Nxc3 72. Bc5) 69... Rf1+ 70. Kg2 Rf2+ {Accuracy: White = 48%, Black = 59%.} 0-1

[Event "23rd OIBM 2019"]
[Site "Gmund am Tegernsee"]
[Date "2019.11.02"]
[Round "8.3"]
[White "Santos Latasa, Jaime"]
[Black "Azarov, Sergei"]
[Result "1/2-1/2"]
[WhiteElo "2580"]
[BlackElo "2586"]
[Annotator "TA"]
[PlyCount "37"]
[EventDate "2019.10.17"]
[EventType "swiss"]
[EventCountry "GER"]
[SourceTitle "playchess.com"]
[Source "ChessBase"]
[SourceQuality "1"]

{[%evp 16,37,10,6,16,19,20,14,16,16,18,0,0,2,33,37,43,-10,-10,-22,-22,-22,-23,-45]} 1. c4 Nf6 2. Nc3 e6 3. e4 d5 4. e5 d4 5. exf6 dxc3 6. bxc3 Qxf6 7. Nf3 b6 8. d4 Bb7 9. Bd3 {White wants to play Bg5.} Bxf3 {A18: English Opening: Flohr-Mikenas System (1 c4 Nf6 2 Nc3 e6 3 e4)} 10. Qxf3 Qxf3 11. gxf3 Nc6 $146 {The position is equal.} ({Predecessor:} 11... Bd6 12. a4 Nc6 13. Be4 Kd7 14. Ke2 Rae8 15. Bxc6+ Kxc6 16. f4 g6 17. Be3 {1-0 (40) Karjakin,S (2783)-Nakamura,H (2786) chess.com INT 2017}) 12. Be4 Kd7 13. Rg1 Re8 14. Be3 Ne7 (14... g6 {is interesting.} 15. O-O-O Ne7 16. d5 exd5 17. Bc2 Kc8) 15. a4 Nf5 16. Bxf5 ({White should try} 16. a5 $14) 16... exf5 $11 17. Kd2 g6 18. Kd3 Bd6 19. h3 1/2-1/2

[Event "23rd OIBM 2019"]
[Site "Gmund am Tegernsee"]
[Date "2019.11.02"]
[Round "8.4"]
[White "Gukesh D"]
[Black "Kamsky, Gata"]
[Result "1/2-1/2"]
[WhiteElo "2520"]
[BlackElo "2685"]
[Annotator "TA"]
[PlyCount "88"]
[EventDate "2019.10.17"]
[EventType "swiss"]
[EventCountry "GER"]
[SourceTitle "playchess.com"]
[Source "ChessBase"]
[SourceQuality "1"]

{[%evp 9,88,10,21,13,11,3,41,13,3,-12,0,-22,-24,-17,-25,-25,-16,-20,-16,-20,-26,-20,-15,-29,-14,-68,-52,-50,-51,-41,-41,-46,-54,-51,-51,-49,-50,-56,-38,-53,-33,-55,-21,-121,-143,-218,-210,-220,-203,-215,-199,-439,-131,-127,-131,-132,-131,-117,-130,-123,-126,-125,-31,-26,-31,-21,-8,-16,-15,-12,-4,-2,0,0,0,0,0,0,0,0,0]} 1. d4 d5 2. c4 c6 3. Nf3 Nf6 4. Nc3 a6 5. g3 dxc4 6. a4 {D15: Slav Defence: 4 Nc3 a6 and gambit lines after 4 Nc3 dxc4} a5 7. e3 Bf5 $146 ({Predecessor:} 7... Bg4 8. Bxc4 e6 9. h3 Bh5 10. g4 Bg6 11. Ne5 Bb4 12. Nxg6 hxg6 13. Qf3 Nd5 {½-½ (36) Can,E (2513)-Khairullin,I (2651) St Petersburg 2013}) 8. Bxc4 {White is slightly better.} e6 9. h3 h6 10. Nh4 Bh7 $1 11. Bd3 Bxd3 12. Qxd3 Bb4 13. O-O O-O 14. Rd1 c5 15. Nf3 cxd4 16. Nxd4 e5 17. Ndb5 (17. Nb3 $11 Qxd3 18. Rxd3) 17... Qxd3 $15 18. Rxd3 Na6 {[%cal Bb8a6,Ba6c5,Bc5d3][%mdl 32]} 19. Rd1 Nc5 20. Bd2 Rfd8 21. Be1 Nd3 22. Rab1 Rd7 23. Kf1 Rad8 24. Ke2 Kf8 25. e4 h5 26. f3 {[#]} (26. h4 $11) 26... h4 $1 $36 {[%mdl 2560] Black is on the roll.} 27. gxh4 (27. Kf1 $17) 27... Nf4+ $1 $19 28. Kf1 Rd3 ({Inferior is} 28... Nxh3 29. Bg3 $11) 29. Bf2 Ke7 ({Less strong is} 29... Nxh3 30. Be3 $15) 30. Nd5+ $2 {[#]} (30. Rxd3 {keeps fighting.} Rxd3 31. Re1) 30... N6xd5 $2 (30... R8xd5 $1 $19 {and Black stays clearly on top.} 31. exd5 Rxf3) 31. Rxd3 $17 Nxd3 32. exd5 Nxf2 33. Kxf2 Rxd5 $19 {[%mdl 4096] Endgame KRB-KRN} 34. Rc1 g6 35. Rc7+ {[#]} Kf6 ({Black should play} 35... Rd7 $1 $17 36. Ke2 Rxc7 37. Nxc7 Kd6 38. Ne8+ Kd7 39. Nf6+ Ke6) 36. Rxb7 $15 Rd2+ 37. Ke3 Rxb2 {Hoping for ...Ra2.The position is equal.} 38. Nd6 $1 Ra2 39. Nxf7 Rxa4 40. Ng5 {[%csl Gg5][%cal Rb7f7]} Be7 41. Ne4+ Ke6 42. Rb6+ Kf7 43. Ng5+ Kg7 {Threatens to win with ...Bc5+.} 44. Rb7 Kf6 {Accuracy: White = 50%, Black = 59%.} 1/2-1/2

[Event "23rd OIBM 2019"]
[Site "Gmund am Tegernsee"]
[Date "2019.11.02"]
[Round "8.5"]
[White "Engel, Luis"]
[Black "Sethuraman, S.P."]
[Result "1/2-1/2"]
[WhiteElo "2507"]
[BlackElo "2624"]
[Annotator "TA"]
[PlyCount "119"]
[EventDate "2019.10.17"]
[EventType "swiss"]
[EventCountry "GER"]
[SourceTitle "playchess.com"]
[Source "ChessBase"]
[SourceQuality "1"]

{[%evp 12,119,29,9,14,16,8,-3,-6,-27,-32,-22,-23,-41,-31,-52,-52,-97,-102,-97,-95,-156,-147,-151,-135,-145,-137,-140,-154,-224,-224,-233,-207,-235,-237,-272,-265,-266,-272,-270,-264,-280,-272,-280,-280,-253,-267,-256,-163,-171,-181,-179,-180,-175,-145,-172,-135,-240,-228,-354,-306,-366,-365,-359,-345,-305,-88,-108,-35,-809,-780,-637,-206,-562,-187,-187,-105,-112,-110,-110,0,0,0,0,0,0,0,0,0,0,0,0,0,0,0,0,0,0,0,0,0,0,0,0,0,0,0,0,0,0]} 1. e4 c5 2. Nf3 d6 3. d4 cxd4 4. Nxd4 Nf6 5. Nc3 a6 6. h3 e5 7. Nb3 (7. Nde2 {with more complications.} Nbd7 8. a4 Nc5 9. Ng3 Be7 10. Be2) 7... Be7 {B90: Sicilian Najdorf: Unusual White 6th moves, 6 Be3 Ng4 and 6 Be3 e5} (7... Be6 8. f4 g6 9. Be2 Nbd7 10. g4 Rc8 11. f5 Bxb3 12. axb3 Rxc3 13. bxc3 Nxe4 14. O-O Qh4 15. Bf3 gxf5 16. Bxe4 fxe4 {½-½ (53) Caruana,F (2818)-Vachier Lagrave,M (2778) Saint Louis 2019}) 8. g4 h6 9. Bg2 Nbd7 {[%cal Bb8d7,Bd7f8,Bf8g6,Bg6h4][%mdl 32]} 10. a4 Nf8 11. f4 $146 ({Predecessor:} 11. Nd5 Nxd5 12. exd5 Ng6 13. Be4 O-O 14. Bxg6 fxg6 15. Be3 {0-1 (38) Martin,J (2412)-Sadzikowski,D (2583) Karlsruhe 2018}) 11... Ng6 12. f5 Nh4 13. Qe2 b6 14. O-O Nxg2 15. Qxg2 Bb7 16. g5 ({White should play} 16. Be3) 16... hxg5 $17 17. Bxg5 Rc8 18. Bxf6 Bxf6 19. Rad1 Rh4 {Strongly threatening ...Rxc3!} 20. Rd3 {[#]} (20. Rfe1 $17) 20... Rxc3 $1 $19 {[%mdl 512]} 21. Rxc3 (21. bxc3 Bxe4) 21... Bxe4 22. Qe2 Bb7 {[%mdl 1024] Black has strong compensation.} 23. Rd1 e4 24. Rg3 Be5 (24... Bxb2 25. c3 $14) 25. Qe3 Qf6 ({Stronger than} 25... Bxb2 26. c3 $14) ({Much less strong is} 25... Bxg3 26. Qxg3 Rh6 27. c3 $19) 26. Qxb6 Bxg3 27. Qxb7 Qxf5 28. Qb8+ Ke7 29. Qc7+ Qd7 30. Qxd7+ Kxd7 {[%mdl 4096] Endgame KRB-KRN} 31. Kg2 Be5 32. Nc5+ Kc6 33. Nxa6 Bxb2 34. Rb1 (34. Nb8+ $17 Kc7 35. Na6+ Kc6 36. Nb8+ Kc7 37. Na6+ Kc6) 34... Bc3 {...e3 is the strong threat.} 35. Nb8+ (35. Rb8 $142) 35... Kc5 36. Rb7 Rf4 37. Rc7+ Kd4 38. a5 e3 $2 (38... Bxa5 $19 {and Black stays clearly on top.} 39. Nc6+ Kc5 40. Nxa5+ Kb6 {[%mdl 64] Double Attack}) 39. Nc6+ $17 {[#]} Ke4 (39... Kd5 $1 $17 40. Ne7+ {[%mdl 64] Discovered Attack} Ke4 41. Rc4+ (41. Rxc3 $2 e2 $19) 41... Bd4) 40. a6 $2 {[%mdl 8192]} (40. Re7+ $15 Be5 41. Nxe5 dxe5 42. a6 Rf2+ 43. Kg1) 40... Rf2+ $19 41. Kg3 Rxc2 $2 (41... Rf1 {( -> ...e2)} 42. Re7+ Be5+ 43. Nxe5 dxe5) 42. a7 $2 (42. Re7+ {was the crucial defense.} Kd5 43. a7) 42... Ra2 $2 (42... Be1+ 43. Kg4 Rg2+ 44. Kh5 g6+ 45. Kh6 Ra2 46. Rxf7 e2 47. Re7+ Kd3 48. Kxg6 Bc3) 43. Re7+ {[#]} Be5+ (43... Kd5 $1 $19 {[%cal Rd5c6]} 44. Rxe3 Kxc6 45. Rxc3+ Kd7) 44. Nxe5 $17 dxe5 45. Rxf7 {KR-KR} Ra1 (45... g5 $17 46. Rb7 Ra1) 46. Rxg7 $11 {The position is equal.} Kd3 {Hoping for ...e2.} 47. Rd7+ Ke2 48. Kg2 Ra2 49. h4 Ke1+ 50. Kf3 e2 51. Re7 Kf1 52. Rxe5 Rxa7 {Threatens to win with ...Ra3+.} 53. Rxe2 Rf7+ 54. Ke3 $1 {aiming for Rd2.} Re7+ 55. Kf4 $1 Kxe2 (55... Rxe2 {is interesting.} 56. h5 Kg1 57. h6 Re6 58. Kg5 Rd6) 56. h5 Kd3 57. h6 Kd4 58. Kf5 Kd5 59. Kg6 Ke6 60. h7 {Accuracy: White = 49%, Black = 65%.} 1/2-1/2

[Event "23rd OIBM 2019"]
[Site "Gmund am Tegernsee"]
[Date "2019.11.02"]
[Round "8.6"]
[White "Koellner, Ruben Gideon"]
[Black "Peralta, Fernando"]
[Result "0-1"]
[WhiteElo "2265"]
[BlackElo "2569"]
[Annotator "TA"]
[PlyCount "50"]
[EventDate "2019.10.17"]
[EventType "swiss"]
[EventCountry "GER"]
[SourceTitle "playchess.com"]
[Source "ChessBase"]
[SourceQuality "1"]

{[%evp 9,50,0,18,-36,0,-41,-49,-42,-7,-43,-20,-10,0,0,-21,-216,-206,-270,-306,-263,-277,-320,-329,-449,-379,-582,-521,-521,-505,-1414,-1251,-2458,-2345,-1929,-1916,-29994,-29995,-29995,-29996,-29996,-29997,-29997,-322]} 1. d4 d5 2. Bf4 c5 3. e3 cxd4 4. exd4 Nc6 5. c3 f6 (5... Nf6 6. Nd2 Bf5 7. Ngf3 e6 8. Nh4 Bg6 9. Qb3 Qd7 10. Nxg6 hxg6 11. Bb5 Bd6 12. Bxd6 Qxd6 13. Nf3 O-O {0-1 (40) Shirov,A (2658)-Kovalenko,I (2654) Riga 2019}) 6. Bd3 {B13: Caro-Kann: Exchange Variation and Panov-Botvinnik Attack} ({Better is} 6. Bb5 $11) 6... e5 $15 7. Qh5+ g6 $1 {[%cal Rg6h5]} 8. Bxg6+ {Black is slightly better.} hxg6 9. Qxh8 exf4 10. Qxg8 Bf5 {And now ...Qe7+ would win.} 11. Ne2 $146 ({Predecessor:} 11. Qh7 Qb6 12. Nf3 Qxb2 13. O-O Qxa1 14. Qxb7 {0-1 (34) Mijnster,N (2139)-Zwirs,N (2391) Vlissingen 2019}) 11... Qd7 12. g4 $2 {[#]} (12. Nxf4 $11 O-O-O 13. O-O) 12... Be4 $1 $19 13. f3 Ne7 14. Qh8 Bxf3 {[%mdl 64] Strongly threatening ...Qe6! Double Attack} 15. Rf1 Bxe2 $1 ({Weaker is} 15... Qxg4 16. Qxf6 g5 {[#]} 17. Rxf3 $1 $14 {[%mdl 512]}) 16. Rxf4 Bxg4 {...Qe6+ is the strong threat.} 17. Rxf6 (17. Nd2 {was called for.} O-O-O 18. Qxf6) 17... O-O-O 18. Rxf8 Qe6+ 19. Kf2 (19. Qe5 $142 Qxe5+ 20. dxe5 Rxf8 21. Na3) 19... Qe2+ {[%mdl 64] Double Attack} 20. Kg1 Qe3+ 21. Kg2 {[#]} Bf3+ $1 {[%mdl 576] Pin} 22. Kh3 (22. Rxf3 Qe2+) 22... Be4+ {Black mates.} 23. Kh4 Nf5+ 24. Kg4 Bf3+ 25. Kh3 Be2+ {Accuracy: White = 24%, Black = 100%.} 0-1

[Event "23rd OIBM 2019"]
[Site "Gmund am Tegernsee"]
[Date "2019.11.02"]
[Round "8.7"]
[White "Idani, Pouya"]
[Black "Asadli, Vugar"]
[Result "1-0"]
[WhiteElo "2568"]
[BlackElo "2513"]
[Annotator "TA"]
[PlyCount "71"]
[EventDate "2019.10.17"]
[EventType "swiss"]
[EventCountry "GER"]
[SourceTitle "playchess.com"]
[Source "ChessBase"]
[SourceQuality "1"]

{[%evp 11,71,16,16,17,11,7,16,-6,0,-4,9,13,14,1,11,0,4,0,6,5,14,10,6,9,14,0,0,0,0,0,0,0,0,0,12,14,18,23,22,30,66,72,81,79,64,72,62,66,200,184,183,156,216,216,216,193,148,159,1013,470,540,464]} 1. e4 e5 2. Nf3 Nc6 3. d4 exd4 4. Nxd4 Bc5 5. Nxc6 Qf6 6. Qf3 dxc6 7. Nc3 {C45: Scotch Game} Be6 8. Bd3 (8. a3 O-O-O 9. Be3 Bxe3 10. Qxe3 Kb8 11. f4 Nh6 12. Bd3 Qe7 13. O-O-O f6 14. Rhe1 Nf7 {½-½ (58) Nepomniachtchi,I (2763)-Wang,H (2730) St Petersburg 2018}) 8... O-O-O 9. Qe2 {The position is equal.} (9. Be3 {seems wilder.} Qe7 10. e5 h5 11. h3 Nh6 12. O-O-O) 9... Qe7 (9... Bd4 {keeps more tension.} 10. O-O Kb8 11. Be3 g5 12. Rad1 Ne7) 10. Be3 $146 ({Predecessor:} 10. Bd2 Nf6 11. O-O-O Ng4 12. Be1 Ne5 13. f3 Bd4 14. Kb1 Qb4 15. a3 Qe7 {0-1 (62) Limanovska,E (1713)-Vrtiakova,A (1540) Albena 2011}) 10... Nh6 11. h3 f6 12. O-O-O Nf7 13. Bxc5 Qxc5 14. f4 Kb8 15. Rhf1 (15. Rhe1 {with more complications.} h5 16. Qe3 Qe7 17. a3 h4 18. Rf1) 15... Rhe8 16. Qf2 Qxf2 17. Rxf2 c5 18. a3 c6 19. Re1 c4 20. Be2 Nd6 21. Bf3 Bc8 22. Rfe2 Kc7 23. e5 fxe5 24. Rxe5 Rxe5 25. Rxe5 Re8 26. Rxe8 Nxe8 $14 {[%mdl 4096] Endgame KBN-KBN} 27. Kd2 Nf6 28. g4 Kd6 29. Ke3 h5 {[#]} ({Better is} 29... h6 $14) 30. Ne4+ $1 $18 (30. gxh5 Bxh3 31. Ne4+ Nxe4 $11) 30... Nxe4 31. Kxe4 {KB-KB} Be6 {[#]} (31... hxg4 $16 32. hxg4 Be6) 32. f5 $1 {[%cal Rf5e6]} ({Weaker is} 32. gxh5 Bxh3 33. f5 Ke7 $11) 32... hxg4 33. hxg4 Bd5+ 34. Kf4 Bxf3 $2 (34... Bf7 $16 35. g5 Be8) 35. Kxf3 Ke5 36. c3 {Accuracy: White = 75%, Black = 43%.} 1-0